LEADER 01406nam a2200301 u 4500 001 000000064680 003 CaOOAMICUS 005 20070226121401.0 008 011122q1900 it acf u000 u ita u 035 $a10911040 040 $aPUL(R)$bita 100 1 $aLoeb, Jacques,$d1859-1924.$0(OLS)http://pul/name/43680 245 10$aFisiologia comparata del cervello e psicologia comparata : /$cJacques Loeb ; con aggiunte originali dell'autore ; traduzione autorizzata dall'autore di Federico Raffaele. 260 $aMilano :$bR. Sandron,$c[1900] 300 $axviii, 396 p., [1] c. di tav. :$bant. (ritr.), ill. ;$c23 cm 490 1 $aL'indagine moderna ;$v2 504 $aContiene indicazioni bibliografiche. 650 4$aCervello.$0(OLS)http://pul/subject/4549 650 4$aFisiologia.$0(OLS)http://pul/subject/15273 650 4$aPsicofisiologia.$0(OLS)http://pul/subject/10277 700 1 $aRaffaele, Francesco,$cS.I.$0(OLS)http://pul/name/43681 830 2$aL'indagine moderna ;$v2.$0(OLS)http://pul/title/31089 850 $aPUL 852 $aPUL$W1$xDP2 Filosofia 1$y62$m87 B 4$j83819$nBK-PRI$b $qStampati$B83819$CPULBib$Z2$F83819 $81 941 1 $a8 961 $aTimbri: Bibliotheca P. Athenaeum Seminarii Rom. 996 $6245$aFisiologia comparata del cervello e psicologia comparata :$9(OLS)http://pul/title/86164 996 $6260$aMilano :$bR. Sandron$9(OLS)http://pul/publisher/48121 LEADER 01660nam a2200361 a 4500 001 000000166059 003 CaOOAMICUS 005 20180220092901.0 008 180220s2017 onc u000 u eng r 020 $a9780888448286* 032 $aLibriCat 040 $aPUL$bita 041 0 $aeng$agrc 082 04$a189 245 04$aThe Aristotelian tradition :$bAristotle's works on logic and metaphysics and their reception in the Middle Ages /$cedited by Börje Bydén and Christina Thomsen Thörnqvist. 260 $aToronto :$bPontifical Institute of Mediaeval Studies,$c©2017. 300 $aVI, 395 p. ;$c24 cm. 490 1 $aPapers in Medieval studies ;$v28 500 $aComprende indici 546 $aTesto in inglese, alcuni passi in greco. 650 4$aAristotelismo.$0(OLS)http://pul/subject/20799 700 1 $aThomsen Thörnqvist, Christina.$0(OLS)http://pul/name/107053 700 1 $aBydèn, Börje.$0(OLS)http://pul/name/107052 830 0$aPapers in Medieval studies ;$v28.$0(OLS)http://pul/title/147487 850 $aPUL 852 $aPUL$W1$xSL Filosofia 3$y81$m189 BYDBO 1$j190570$qDDC 21$B193465$CPULBib$Z2$F193465 $H130479 $81 941 1 $a9 960 $aFilosofia aristotelica$920799 996 $6020$a9780888448286*$9(OLS)http://pul/number/163548 996 $6082$a189$9(OLS)http://pul/classification/439 996 $6245$aThe Aristotelian tradition :$bAristotle's works on logic and metaphysics and their reception in the Middle Ages$9(OLS)http://pul/title/205768 996 $6260$aToronto :$bPontifical Institute of Mediaeval Studies$9(OLS)http://pul/publisher/48163